000 00644nam a22001337a 4500
040 _cRUA
082 _aVEM MEA 2016 B593 Or.1
100 _aMEAS SOTHON,មាស សុធន
245 _astudy on gastrointestinal parasites in cattle at tramkak district,takeo province,ការសិក្សាអំពីបរាសិតក្នុងក្រពះពោះវៀនគោនៅស្រុកត្រាំកក់ ខេត្តតាកែវ
260 _aphnom penh
_bRUA
_c2016
300 _axi;34p;
_bill;
_c29cm;
856 _uhttps://drive.google.com/file/d/116_XfhXVOQ5numlvJm91dhClgfgprz3b/view?usp=sharing
942 _cVEM
999 _c16526
_d16526